| 000 -ლიდერი |
| ფიქსირებული სიგრძის საკონტროლო ველი |
01353nam a22002297a 4500 |
| 003 - საკონტროლო ნომრის იდენტიფიკატორი |
| საკონტროლო ველი |
Ge_BSU |
| 005 - ბოლო ოპერაციის თარიღი და დრო |
| საკონტროლო ველი |
20240222173450.0 |
| 008 - ფიქსირებული სიგრძის მონაცემთა ელემენტები - ზოგადი ინფორმაცია |
| ფიქსირებული სიგრძის საკონტროლო ველი |
240222s2019 ge ||||| |||| 00| 0 geo d |
| 020 ## - წიგნის საერთაშორისო სტანდარტული ნომერი |
| International Standard Book Number |
9789941302817 |
| 041 ## - ენის კოდი |
| Language code of text/sound track or separate title |
geo |
| 080 ## - უნივერსალური ათობითი კლასიფიკაციის ინდექსი |
| Universal Decimal Classification number |
1 კ-83 |
| 100 ## - მთავარი ჩანაწერი - პიროვნების სახელი |
| Personal name |
კრეიგი, ედუარდ |
| 9 (RLIN) |
21275 |
| 245 ## - ცნობა სათაურის შესახებ |
| Title |
ფილოსოფია : |
| Remainder of title |
ძალიან მოკლე შესავალი / |
| Statement of responsibility, etc |
ედუარდ კრეიგი; მთარგმნელი ანინა ტეფნაძე; სამეცნიერო რედაქტორი მაკა ლაშხია; რედაქტორი ანა ჭაბაშვილი; დიზაინერი ია მახათაძე. |
| 264 ## - წარმოების, გამოცემის, დისტრიბუციის და სხვა ცნობები |
| გამოცემის, წარმოების, დისტრიბუციის... ადგილი |
თბილისი : |
| გამოცემის, წარმოების, დისტრიბუციის... სახელწოდება |
ბაკურ სულაკაურის გამომცემლობა, |
| გამოცემის, წარმოების, დისტრიბუციის... თარიღი |
2019. |
| 300 ## - ფიზიკური აღწერა |
| Extent |
169 გვ. |
| Other physical details |
ილ. ; |
| Dimensions |
17 სმ. |
| 501 ## - შენიშვნა თანმხლებ მასალაზე |
| With note |
საძიებელი: გვ. 164-168. |
| 653 ## - INDEX TERM--UNCONTROLLED |
| Uncontrolled term |
ფილოსოფია |
| 700 ## - ADDED ENTRY--PERSONAL NAME |
| Personal name |
ლაშხია, მაკა |
| Relator term |
სამეცნიერო რედაქტორი. |
| 9 (RLIN) |
14216 |
| 700 ## - ADDED ENTRY--PERSONAL NAME |
| Personal name |
ჭაბაშვილი, ანა |
| Relator term |
რედაქტორი |
| 9 (RLIN) |
995 |
| 700 ## - ADDED ENTRY--PERSONAL NAME |
| Personal name |
მახათაძე, ია |
| Relator term |
დიზაინერი |
| 9 (RLIN) |
5299 |
| 942 ## - ADDED ENTRY ELEMENTS (KOHA) |
| Source of classification or shelving scheme |
|
| Koha item type |
წიგნი |